00389nam a2200121Ia 4500008004100000041000800041082001700049100003700066245004900103250000800152260007000160300003700230220530s9999 xx 000 0 und d aeng a621:050bFAL aFalcioni, John D. ( Chif Editor) aMechanical Engineering The Magazines of ASME a1st aNew YorkbAmerican Socitey of Mechanical Engineering (ASME)c2013 a852 P.bHBbVol. 135 No. 1 to 12